| 000 | 00436 a2200193 4500 | ||
|---|---|---|---|
| 003 | OSt | ||
| 005 | 20180116182909.0 | ||
| 008 | 160426b xxu||||| |||| 00| 0 eng d | ||
| 020 | _a618561856185 | ||
| 040 | _c0 | ||
| 082 | _a111 | ||
| 100 | _aICFAI | ||
| 110 | _aICFAI | ||
| 245 | _aNokia:Shaping the Organizational Culture | ||
| 250 | _aHROA 006 | ||
| 260 |
_aIndia _bICFAI _c2004 |
||
| 300 | _a9p | ||
| 942 |
_aNBS _cCS _k111 _2ddc |
||
| 999 |
_c348073 _d348073 |
||